000 00423nam a2200181Ia 4500
003 0STCL
008 150530s9999 xx 000 0 und d
040 _aSTCL
_cSTCL
100 _aBalakrishnan, M.P.
245 _aMaya Manthrikan
250 _a1
260 _bH and C publishing house;Thrissur
_c1969
_aThrissur
300 _a0
546 _aMalayalam
942 _2ddc
_cBK
999 _c73898
_d73898
005 20220125171539.0